banner-ar

مفاهيم اساسية فى العلوم والرياضيات / (Record no. 42269)

MARC details
000 -الفاتح
حقل البيانات ثابتة الطول 00605nam a2200205Ia 4500
008 - عناصر البيانات ثابتة الطول - معلومات عامة
حقل البيانات ثابتة الطول 140319s9999 xx 000 0 ara d
040 ## - مصدر الفهرسة
وكالة الفهرسة الأصلية GCL /
وكالة النسخ GCL
082 04 - رقم تصنيف ديوى العشرى
رقم التصنيف 502
رقم المادة ع م
100 1# - المدخل الرئيسى - إسم شخصى
الإسم الشخصى عطية محمد عطية
245 10 - بيان العنوان
العنوان مفاهيم اساسية فى العلوم والرياضيات /
بيان المسئوليه,etc عطية محمد عطية
700 1# - المدخل الاضافى - اسم شخصى
الإسم الشخصى صالح الطيطى
700 1# - المدخل الاضافى - اسم شخصى
الإسم الشخصى صادق احمد جودة
700 1# - المدخل الاضافى - اسم شخصى
الإسم الشخصى كامل جميس فليفل
490 ## - بيان السلسلة
عنوان السلسلة كتاب
رقم المجلد/ التعيين التسلسلي 0
650 04 - المدخل الاضافى بالموضوع-مصطلح موضوعى
مصطلح موضوعي نظريات
650 04 - المدخل الاضافى بالموضوع-مصطلح موضوعى
مصطلح موضوعي الرياضيات
650 04 - المدخل الاضافى بالموضوع-مصطلح موضوعى
مصطلح موضوعي العلوم
942 ## - عناصر المدخل الإضافي( كوها)
مصدر التصنيف او مخطط الترفيف Dewey Decimal Classification
Koha [default] item type كتاب
Holdings
حالة التراجع حالة الفقد حالة تلف ليس للاعارة المكان المؤقت الموقع الحالى تاريخ الاكتساب اجمالي اﻻعارات رقم الطلب الباركود تاريخ اخر مشاهدة تاريخ تفعيل السعر نوع وعاء كوها
        مكتبة القاهرة الكبرى مكتبة القاهرة الكبرى 03/26/2014   502\ع م 102127 03/26/2014 03/26/2014 كتاب
        مكتبة القاهرة الكبرى مكتبة القاهرة الكبرى 03/26/2014   502\ع م 102128 03/26/2014 03/26/2014 كتاب
        مكتبة القاهرة الكبرى مكتبة القاهرة الكبرى 03/26/2014   502\ع م 102129 03/26/2014 03/26/2014 كتاب

Powered By

EGPV